000 00728cam a2200229 a 4500
001 11894450
005 20250414183941.0
008 000120s1999 onc b 001 0 eng d
020 _a1551111950
020 _a9781551111957
050 0 0 _aGN33.8
_b.F45 1999
082 0 0 _a301/.082
_221
245 0 0 _aFeminist fields :
_bethnographic insights /
_cedited by Rae Bridgman, Sally Cole & Heather Howard-Bobiwash.
260 _aPeterborough, Ont. :
_bBroadview Press,
_cc1999.
300 _a314 p. ;
_c23 cm.
650 0 _aFeminist anthropology.
650 6 _aFéminisme et anthropologie.
700 1 _aBridgman, Rae.
700 1 _aCole, Sally Cooper,
_d1951-
700 1 _aHoward-Bobiwash, Heather,
_d1966-
942 _2lcc
_cBK
_n0
999 _c5471
_d5471